000 01106nam a2200217Ia 4500
999 _c56363
_d56363
001 23476
003 GE_BSU
005 20260126152353.0
008 181216s1978||||ge |||||||||||||| ||geo||
040 _cGE_BSU
041 _ageo
100 _aრეხვიაშვილი, მიხეილ
_926716
245 _aდასავლეთი საქართველო XVII საუკუნეში :
_b ნარკვევები /
_c მიხეილ რეხვიაშვილი ; რედ. : მ. ლორთქიფანიძე.
264 _aთბილისი :
_bთბილ. უნ-ტის გამ-ბა,
_c197.
300 _a206 გვ. :
_b11 ფ. ილ. ;
_c22 სმ.
541 _h3ლ. 14თ.
653 _aდასავლეთ საქართველოს ისტორია, XVII ს.
653 _aდასავლეთი საქართველო XVII საუკუნეში : ნარკვევები
700 _aლორთქიფანიძე, მ.
_eრედაქტორი
_9473
942 _cBK
_2udc